The clock of ages (Record no. 37610)

MARC details
000 -LEADER
fixed length control field 00566nam a2200157 a 4500
008 - FIXED-LENGTH DATA ELEMENTS--GENERAL INFORMATION
fixed length control field 120416s0000 ||||||||||||||||| || u
020 ## - INTERNATIONAL STANDARD BOOK NUMBER
International Standard Book Number 0521594561
050 ## - LIBRARY OF CONGRESS CALL NUMBER
Classification number QP 86 Med
100 ## - MAIN ENTRY--PERSONAL NAME
Personal name Medina, John J
245 14 - TITLE STATEMENT
Title The clock of ages
246 ## - VARYING FORM OF TITLE
Title proper/short title why we age-how we age-winding back the clock
250 ## - EDITION STATEMENT
Edition statement 2nd ed.
260 ## - PUBLICATION, DISTRIBUTION, ETC.
Place of publication, distribution, etc. Cambridge
Name of publisher, distributor, etc. Cambridge University Press
Date of publication, distribution, etc. 1997
350 ## - PRICE (NR) (BK AM CF MU VM SE) [OBSOLETE]
Price 0.00
995 ## - RECOMMENDATION 995 [LOCAL, UNIMARC FRANCE]
-- 0.00
-- CBU-MAIN LIBRARY (Kitwe)
-- 1
-- 16.75
-- 1
-- AVAILABLE
-- Mar 21, 2007
-- Annex Low-Usage Collection
Holdings
Withdrawn status Lost status Source of classification or shelving scheme Damaged status Not for loan Home library Current library Shelving location Date acquired Total Checkouts Full call number Barcode Date last seen Price effective from Koha item type
          CBU-MAIN LIBRARY, KITWE. CBU-MAIN LIBRARY, KITWE.   11/30/2022   QP 86 Med 027552 11/30/2022 11/30/2022 MONOGRAPH